Choose your own computer (Record no. 39077)

MARC details
000 -LEADER
fixed length control field 00264nam a2200109Ia 4500
082 ## - DEWEY DECIMAL CLASSIFICATION NUMBER
Classification number 681.31
Item number ROW
245 #0 - TITLE STATEMENT
Title Choose your own computer
260 ## - PUBLICATION, DISTRIBUTION, ETC. (IMPRINT)
Place of publication London
Name of publisher Sphere
Year of publication 1984
700 ## - ADDED ENTRY--PERSONAL NAME
Personal name Rodwell, Peter
942 ## - ADDED ENTRY ELEMENTS (KOHA)
Koha item type Books
Holdings
Withdrawn status Lost status Damaged status Not for loan Home library Current library Date acquired Cost, normal purchase price Full call number Accession Number Koha item type
        RRII Library RRII Library 16/12/2021 39.65 681.31 ROW 19423 Books